Disney's wonderful world of knowledge : Great Leaders

Bibliographic Details
Main Author: Martina, Guido
Other Authors: Carpi, Giovan Battista (illustrated)
Format: Book
Published: USA : The Danbury Press , 1973
Series:Disney's wonderful world of knowledge
Subjects:

MARC

LEADER 00000cam a2200000 7i4500
001 0000035578
002 000038481
005 20000331.0
020 |a T000004092 
090 0 0 |a JR 001   |b DIS 
100 1 |a Martina, Guido 
245 1 0 |a Disney's wonderful world of knowledge :   |b Great Leaders   |c Guido Martina ; illustrated by Giovan Battista Carpi 
255 |a Volume 18 
260 |a USA :   |b The Danbury Press ,   |c 1973 
300 |a 126p. :   |b ill. ;   |c 26cm. 
490 0 |a Disney's wonderful world of knowledge 
650 0 0 |a Knowledge   |x Juvenile literature 
700 1 |a Carpi, Giovan Battista ,   |e illustrated 
999 |a 0009931   |b BUKU   |c RUJUKAN   |e PERPUSTAKAAN KOMUNITI PETALING JAYA